000 00217nam a22000857a 4500
008 170109b xxu||||| |||| 00| 0 eng d
100 _92276
_aBahuguna.R.
245 _aMacro Economics-XII
260 _aNew Delhi
_bDhanpat
_c2011
999 _c5164
_d5164